000 00419nam a2200157Ia 4500
008 210719s1977 xx 000 0 und d
020 _a0706904923
041 _aeng
082 _a312 BOSP
100 _aBOSE (Ashish) and others
245 _aPopulation statistics in India.
260 _aNew Delhi.
_bVikas Publishing House Pvt Ltd.,
_c1977
300 _axlviii,445
_bPB
365 _b14
_cRs
650 _aPopulation
999 _c212699
_d212699